Statistics for All Noah Kahan Songs

Click here to take the quiz!

General Stats

  • This quiz has been taken 573 times
  • The average score is 25 of 59

Answer Stats

Answer% Correct
Stick Season
97%
Dial Drunk
87%
Orange Juice
85%
Northern Attitude
84%
Call Your Mom
82%
The View Between Villages
77%
Homesick
76%
Halloween
73%
Strawberry Wine
73%
All My Love
72%
She Calls Me Back
70%
Paul Revere
69%
Everywhere, Everything
64%
Mess
63%
Busyhead
62%
New Perspective
62%
You're Gonna Go Far
62%
False Confidence
61%
Your Needs, My Needs
59%
Growing Sideways
57%
Maine
55%
Come Over
54%
No Complaints
54%
Still
54%
Carlo's Song
48%
Hurt Somebody
41%
Part of Me
41%
Young Blood
41%
Howling
38%
Godlight
37%
Animal
33%
Sink
33%
Cynic
31%
Caves
30%
Glue Myself Shut
30%
Tidal
29%
Hollow
28%
Anyway
25%
Save Me
25%
A Troubled Mind
24%
Fear of Water
24%
Passenger
24%
Someone Like You
22%
Bury Me
20%
Close Behind
20%
The View Between Villages Extended Version
20%
Bad Luck
19%
If We Were Vampires
18%
Catastrophize
17%
Please
17%
Fine
16%
Pride
13%
Come Down
12%
Crazier Things
11%
We're All Gonna Die
11%
Hallelujah
10%
Mean
9%
Hold it Down
8%
Tough
6%

Score Distribution

Percentile by Number Answered

Percent of People with Each Score

Your Score History

You have not taken this quiz